00960nam a22002297a 450000100060000000300080000600500170001400800410003103500200007204000270009204100090011908200250012810000370015324501310019026001240032130000440044550000830048950500260057265000200059865000490061870000630066741550BD-RjUL20211209053417.0160601s1953 ii ||||| |||| 00| 0 ben d a(BD-RjUL) 41668 aBD-RjULbben cBD-RjUL aben  223 a843 bROJ 1953  aরোলাঁ, রমাঁ10aজাঁ-ক্রিসতফ / cরমাঁ রোঁলা অনুবাদ : পুষ্পময়ী বসু aকলিকাতা :bর‌্যাডিক্যাল বুক ক্লাব, c১৯৫৩ [১৩৬০]  a খণ্ড ; c১৭ সেমি.  a[মূল ফরাসী উপন্যসের ৪র্থ খন্ড} a খণ্ড ৪ --  aFrench Fiction  aফ্রান্স উপন্যাস  aবসু, পুষ্পময়ী :অনুবাদ